Gimme Five: Geography II Quiz Stats

Quiz Updated Nov 17, 2017

Challenge
Share
Tweet
Embed
Score 0/45 Timer 06:00
17 Plays Today
Question Answer % Correct
Gimme the five largest U.S. states in area.Texas
97.4%
Gimme the top five U.S. cities visited by foreign travelers.New York City
96.3%
Gimme the five largest U.S. states in area.California
93.8%
Gimme the top five U.S. cities visited by foreign travelers.Los Angeles
92.4%
Gimme the five largest U.S. states in area.Alaska
92.4%
Gimme the five Great Lakes.Lake Michigan
89.1%
Gimme the five boroughs of New York City.Manhattan
88.7%
Gimme the five largest European countries in area.France
87.9%
Gimme the five largest European countries in area.Russia
87.6%
Gimme the five Great Lakes.Lake Erie
87%
Gimme the five boroughs of New York City.Queens
86%
Gimme the five boroughs of New York City.Bronx
85.6%
Gimme the five most populated metropolitan areas in Canada.Toronto
85.4%
Gimme the five Great Lakes.Lake Superior
84.7%
Gimme the top official five languages in Africa.English
84.1%
Gimme the five boroughs of New York City.Brooklyn
83.5%
Gimme the five largest European countries in area.Spain
83%
Gimme the five Great Lakes.Lake Ontario
78.2%
Gimme the five largest U.S. states in area.Montana
78.1%
Gimme the five most populated metropolitan areas in Canada.Vancouver
78%
Gimme the top official five languages in Africa.French
77.1%
Gimme the five Great Lakes.Lake Huron
76.6%
Gimme the five most populated metropolitan areas in Canada.Montreal
75.3%
Question Answer % Correct
Gimme the top five U.S. cities visited by foreign travelers.Miami
71.2%
Gimme the top five U.S. cities visited by foreign travelers.San Francisco
68.4%
Gimme the five boroughs of New York City.Staten Island
67.6%
Gimme the five largest European countries in area.Ukraine
66.3%
Gimme the five countries that begin with the letters MAL.Malaysia
63.7%
Gimme the five countries that begin with the letters MAL.Mali
63%
Gimme the top official five languages in Africa.Swahili
60%
Gimme the five most populated metropolitan areas in Canada.Ottawa
58.9%
Gimme the five largest European countries in area.Denmark
58.8%
Gimme the five largest U.S. states in area.New Mexico
57.5%
Gimme the five countries that begin with the letters MAL.Maldives
57%
Gimme the five U.S. state capitals that begin with the letter A.Austin
53.5%
Gimme the top five U.S. cities visited by foreign travelers.Orlando
52.2%
Gimme the five U.S. state capitals that begin with the letter A.Albany
51.8%
Gimme the five U.S. state capitals that begin with the letter A.Atlanta
51.7%
Gimme the five countries that begin with the letters MAL.Malta
51.7%
Gimme the top official five languages in Africa.Arabic
49.6%
Gimme the five countries that begin with the letters MAL.Malawi
49.6%
Gimme the five most populated metropolitan areas in Canada.Calgary
47.9%
Gimme the five U.S. state capitals that begin with the letter A.Augusta
42.1%
Gimme the five U.S. state capitals that begin with the letter A.Annapolis
41.8%
Gimme the top official five languages in Africa.Portuguese
34.7%

You're not logged in!

Compare scores with friends on all Sporcle quizzes.
Sign Up with Email
OR
Log In

You Might Also Like...

Show Comments

Extras

Top Quizzes Today


Score Distribution

Your Account Isn't Verified!

In order to create a playlist on Sporcle, you need to verify the email address you used during registration. Go to your Sporcle Settings to finish the process.

Report this User

Report this user for behavior that violates our Community Guidelines.

Details: